LEADER 02488nam1 2200505 450 001 990001938660203316 005 20040817165309.0 035 $a000193866 035 $aUSA01000193866 035 $a(ALEPH)000193866USA01 035 $a000193866 100 $a20040817g19781983km-y0itay0103----ba 101 0 $aita 102 $aIT 105 $a||||||||001yy 200 1 $aStoria dell'arte italiana 210 $aTorino$cG. Einaudi$d1978-1983 215 $a12 v.$d21 cm 410 0$12001 454 1$12001 461 1$1001-------$12001 463 \1$1001990001938680203316$12001 $a<> : Materiali e problemi. Questioni e metodi 463 \1$1001990001938710203316$12001 $a<> : Materiali e problemi. L'artista e il pubblico 463 \1$1001990001938750203316$12001 $a<> : Materiali e problemi. L'esperienza dell'antico, dell'Europa, della religiosita 463 \1$1001990001938770203316$12001 $a<> : Materiali e problemi. Ricerche spaziali e tecnologie 463 \1$1001990001938790203316$12001 $a<> : Dal Medioevo al Novecento. Dal Medioevo al Quattrocento 463 \1$1001990001938820203316$12001 $a<> : Dal Medioevo al Novecento. Dal Cinquecento all'Ottocento. Cinquecento e Seicento 463 \1$1001990001938840203316$12001 $a<> : Dal Medioevo al Novecento. Dal Cinquecento all'Ottocento. Settecento e Ottocento 463 \1$1001990001938870203316$12001 $a<> : Dal Medioevo al Novecento. Il Novecento 463 \1$1001990001938890203316$12001 $a<> : Situazioni momenti indagini. Inchieste su centri minori 463 \1$1001990001938900203316$12001 $a<> : Situazioni momenti indagini. Grafica e immagine. Illustrazione, fotografia 463 \1$1001990001938940203316$12001 $a<> : Situazioni momenti indagini. Grafica e immagine. Scritura, miniatura, disegno 463 \1$1001990001938950203316$12001 $a<> : Situazioni momenti indagini. Forme e modelli 463 \1$1001990001938980203316$12001 $a<> : Situazioni momenti indagini. Momenti di architettura 606 0 $aArte italiana$xStoria 676 $a709.45 801 0$aIT$bsalbc$gISBD 912 $a990001938660203316 951 $a709.45 STO$bL.M.$c709.45 STO 959 $aBK 969 $aUMA 979 $aSIAV6$b10$c20040817$lUSA01$h1648 979 $aSIAV6$b10$c20040817$lUSA01$h1653 996 $aStoria dell'arte italiana$9303799 997 $aUNISA LEADER 01287nam0-22004331i-450 001 990003677240403321 005 20250403113924.0 010 $a88-7835-013-3 035 $a000367724 035 $aFED01000367724 035 $a(Aleph)000367724FED01 100 $a20030910d1990----km-y0itay50------ba 101 0 $aita 102 $aIT 105 $ay-------001yy 200 1 $aGuida agli archivi per la storia contemporanea regionale$eNapoli$fMaria Teresa Iannitto 210 $aNapoli$cGuida Editori$d1990 215 $a262 p.$d23 cm 225 1 $aQuaderni dell'Istituto campano per la storia della resistenza$iNuova serie$v4 610 0 $aArchivi$aNapoli 676 $a340$v23$zita 700 1$aIannitto,$bMaria Teresa$0139673 801 0$aIT$bUNINA$gREICAT$2UNIMARC 901 $aBK 912 $a990003677240403321 952 $a025.341 IANM 01$b2025/781$fFLFBC 952 $aSDI-NV 59$b1100$fSDI 952 $aSE 110.02.10-$fDECSE 952 $aXIX E 48$b51856*$fFGBC 952 $a03.1318$b459$fDARST 952 $aLEPORE 209$bLEPORE 209$fFARBC 959 $aFLFBC 959 $aDECSE 959 $aSDI 959 $aFGBC 959 $aDARST 959 $aFARBC 996 $aGuida agli archivi per la storia contemporanea regionale$9498849 997 $aUNINA